| 000 | 00527nam a22001817a 4500 | ||
|---|---|---|---|
| 999 |
_c188874 _d188874 |
||
| 005 | 20220607104249.0 | ||
| 010 | _aENG-133055 | ||
| 020 | _c125.00 | ||
| 035 | _aEN-116587 | ||
| 037 | _bDBAD/PUB | ||
| 082 | _a155.9042 | ||
| 100 | _aSaxena, Anil K. | ||
| 245 |
_aStress Management in Police/ _cAnil K.Saxena |
||
| 260 |
_aHyderabad _bS.V.P. National Police Academy _c2003 |
||
| 270 |
_aS.V.P. National Police Academy _bHyderabad _e500052 |
||
| 300 |
_a105p. _c21cm(pbk) |
||
| 942 |
_2ddc _cEN _mSAX _h155.9042 |
||